[Event "Nordfinnland-ch op"]
[Site "Oulu"]
[Date "2019.08.31"]
[Round "3"]
[White "Peltomaa, Jukka"]
[Black "Leukkunen, Raimo"]
[Result "1-0"]
[WhiteElo "1963"]
[BlackElo "1895"]
[PlyCount "117"]
[EventDate "2019.08.31"]
[EventType "swiss"]
[EventRounds "5"]
[EventCountry "FIN"]
[SourceTitle "EXT 2021"]
[Source "ChessBase"]
[SourceDate "2020.10.23"]
[SourceVersion "1"]
[SourceVersionDate "2020.10.23"]
[SourceQuality "1"]

1. d4 d5 2. Nf3 c6 3. c4 Bf5 4. Nc3 e6 5. e3 Bb4 6. Qb3 Bxc3+ 7. bxc3 Qc7 8. Nh4 Ne7 9. Ba3 dxc4 10. Bxc4 Bg6 11. Nxg6 hxg6 12. h3 b5 13. Be2 a5 14. 0-0 Nd7 15. Bc1 a4 16. Qc2 0-0 17. e4 Rfc8 18. c4 bxc4 19. Qxc4 c5 20. Ba3 Ra5 21. Rac1 e5 22. dxc5 Nf6 23. Rfd1 Nc6 24. f3 Nd4 25. Bf1 Nd7 26. Bb4 Raa8 27. Qd5 Nf6 28. Qd6 Ne8 29. Qd5 Nf6 30. Qc4 Qc6 31. Qc3 Rd8 32. Rd2 Rd7 33. Rb2 Rb8 34. Rcb1 Rdb7 35. Ba3 Nd7 36. Rxb7 Rxb7 37. Rxb7 Qxb7 38. Qb4 Qc6 39. Bd3 g5 40. Qc4 g6 41. Qd5 Kg7 42. Qxc6 Nxc6 43. Bb5 Ndb8 44. Bxa4 f5 45. exf5 gxf5 46. Kf2 Kf6 47. Bb5 Nd4 48. Ba4 Ke6 49. g3 Kd5 50. h4 gxh4 51. gxh4 f4 52. h5 Nf5 53. Bc2 Nh6 54. Be4+ Ke6 55. c6 Na6 56. Bf8 Nf7 57. h6 Ng5 58. h7 Nxe4+ 59. fxe4 1-0

[Event "FIN-chT2 Gp4 1718"]
[Site "Finland"]
[Date "2017.10.22"]
[Round "4.1"]
[White "Saastamoinen, Aarne"]
[Black "Leukkunen, Raimo"]
[Result "1-0"]
[WhiteElo "2076"]
[BlackElo "1855"]
[PlyCount "83"]
[EventDate "2017.09.11"]
[EventType "team-tourn"]
[EventRounds "7"]
[EventCountry "FIN"]
[SourceTitle "EXT 2020"]
[Source "ChessBase"]
[SourceDate "2019.10.17"]
[SourceVersion "1"]
[SourceVersionDate "2019.10.17"]
[SourceQuality "1"]
[WhiteTeam "Joensuu SK II"]
[BlackTeam "Oulu OSS II"]
[WhiteTeamCountry "FIN"]
[BlackTeamCountry "FIN"]

1. e4 e5 2. Nf3 Nc6 3. Bb5 a6 4. Bxc6 dxc6 5. d4 Bg4 6. dxe5 Qxd1+ 7. Kxd1 Bxf3+ 8. gxf3 0-0-0+ 9. Ke2 Ne7 10. Rd1 Rxd1 11. Kxd1 Ng6 12. f4 Bc5 13. Be3 Bb6 14. Ke2 Rd8 15. Nd2 Bxe3 16. fxe3 Ne7 17. Nf3 h6 18. h4 c5 19. a3 c4 20. Nd4 g6 21. Nf3 b5 22. Nh2 c5 23. Ng4 Ng8 24. Rh1 h5 25. Nf2 a5 26. Rg1 Ne7 27. Rg5 Kb7 28. f5 b4 29. c3 Kb6 30. f6 Nc6 31. e6 fxe6 32. Rxg6 Rf8 33. Nh3 Ne5 34. Rg5 Nd3 35. e5 Nxb2 36. Nf4 bxc3 37. Nxe6 Rf7 38. Nxc5 Rc7 39. Ne4 c2 40. Kd2 c3+ 41. Kxc2 Na4 42. e6 1-0

[Event "FIN-chT2 Gp4 1718"]
[Site "Finland"]
[Date "2017.10.21"]
[Round "3.1"]
[White "Leukkunen, Raimo"]
[Black "Heino, Hannu"]
[Result "1/2-1/2"]
[WhiteElo "1855"]
[BlackElo "2016"]
[PlyCount "86"]
[EventDate "2017.09.11"]
[EventType "team-tourn"]
[EventRounds "7"]
[EventCountry "FIN"]
[SourceTitle "EXT 2020"]
[Source "ChessBase"]
[SourceDate "2019.10.17"]
[SourceVersion "1"]
[SourceVersionDate "2019.10.17"]
[SourceQuality "1"]
[WhiteTeam "Oulu OSS II"]
[BlackTeam "Kuopio KSY"]
[WhiteTeamCountry "FIN"]
[BlackTeamCountry "FIN"]

1. f4 e5 2. fxe5 d6 3. exd6 Bxd6 4. Nf3 g5 5. e4 g4 6. e5 gxf3 7. exd6 fxg2 8. Qe2+ Kf8 9. Bxg2 Qh4+ 10. Qf2 Qxf2+ 11. Kxf2 cxd6 12. d4 Nc6 13. c3 Bf5 14. Bf4 Ke7 15. Nd2 Rd8 16. Rae1+ Kf6 17. h4 h6 18. Nc4 d5 19. Nd6 Nge7 20. Nxb7 Rdg8 21. Nc5 Rg4 22. Bg3 Rhg8 23. Re3 Be6 24. Bh3 Nf5 25. Bxg4 Nxe3 26. Bxe6 fxe6 27. Be5+ Nxe5 28. dxe5+ Kxe5 29. Kxe3 Rg2 30. Nd3+ Kd6 31. a4 e5 32. b4 e4 33. Ne1 Ra2 34. a5 Ke5 35. Rg1 Rh2 36. Ng2 Rh3+ 37. Kd2 Rg3 38. Kc2 Kd6 39. Kd2 a6 40. Ke2 Kc6 41. Kf2 Rf3+ 42. Ke2 Rg3 43. Kf2 Rf3+ 1/2-1/2

[Event "Tromsoe GP"]
[Site "Tromsoe"]
[Date "2012.03.23"]
[Round "2"]
[White "Leukkunen, Raimo"]
[Black "Mikalsen, Odd Erling"]
[Result "1-0"]
[WhiteElo "1891"]
[BlackElo "1981"]
[PlyCount "67"]
[EventDate "2012.03.23"]
[EventType "swiss"]
[EventRounds "5"]
[EventCountry "NOR"]
[SourceTitle "EXT 2024"]
[Source "ChessBase"]
[SourceDate "2023.10.10"]
[SourceVersion "1"]
[SourceVersionDate "2023.10.10"]
[SourceQuality "1"]

1. b4 Nf6 2. Bb2 g6 3. Nf3 Bg7 4. e4 d6 5. d4 0-0 6. Nbd2 c5 7. bxc5 dxc5 8. d5 Qa5 9. c3 b5 10. a4 b4 11. Nb3 Qc7 12. cxb4 Nxe4 13. Bxg7 Kxg7 14. bxc5 Kg8 15. Rc1 Qb7 16. Rc4 Nf6 17. Rd4 Na6 18. Bb5 Rb8 19. 0-0 Qc7 20. Qe2 Bg4 21. d6 exd6 22. Rxd6 Nxc5 23. Rc6 Qxc6 24. Bxc6 Nxb3 25. Qe5 Nd7 26. Qf4 Bxf3 27. gxf3 Ndc5 28. h4 h5 29. Bd5 a5 30. Qf6 Kh7 31. Bxf7 Rxf7 32. Qxf7+ Kh8 33. Re1 Nd4 34. Re7 1-0

[Event "Kajaani We KaSY"]
[Site "Kajaani"]
[Date "2011.??.??"]
[Round "2"]
[White "Gubaidullin, Mannifanzil"]
[Black "Leukkunen, Raimo"]
[Result "1-0"]
[WhiteElo "1800"]
[BlackElo "1902"]
[PlyCount "129"]
[EventDate "2011.??.??"]
[EventType "swiss"]
[EventRounds "5"]
[EventCountry "FIN"]
[SourceTitle "EXT 2022"]
[Source "ChessBase"]
[SourceDate "2021.10.06"]
[SourceVersion "1"]
[SourceVersionDate "2021.10.06"]
[SourceQuality "1"]

1. d4 f5 2. Nf3 Nf6 3. e3 e6 4. Bd3 Be7 5. 0-0 0-0 6. Nbd2 d5 7. b3 c6 8. Bb2 Qe8 9. Ne5 Nbd7 10. c4 g5 11. f3 Nxe5 12. dxe5 Nh5 13. Qe2 f4 14. e4 Bc5+ 15. Rf2 Ng3 16. Qe1 Bd7 17. Nf1 Nxf1 18. Kxf1 Bxf2 19. Kxf2 Qh5 20. Kg1 Rae8 21. h3 dxc4 22. Bxc4 Rf7 23. Rd1 Rg7 24. Qa5 a6 25. Qb6 Bc8 26. Rd8 Qf7 27. Rd6 Qc7 28. Bd4 Qxb6 29. Bxb6 Kf7 30. a4 h5 31. Be2 Re7 32. a5 Rd7 33. b4 Rxd6 34. exd6 Kf6 35. Kf2 e5 36. Bc4 g4 37. Bd8+ Kg6 38. h4 Bd7 39. Ke2 gxf3+ 40. gxf3 Bh3 41. Be7 Kh7 42. Bf6 Rg2+ 43. Ke1 Rb2 44. Bf7 Rxb4 45. Bxe5 Rb5 46. Bc3 Rc5 47. Kd2 Kh6 48. e5 Rd5+ 49. Ke2 Bf5 50. Bxd5 cxd5 51. Bd2 Kg6 52. Bxf4 Kf7 53. Ke3 Bd7 54. Bg5 Ke6 55. Bf6 Kf5 56. Kd4 Bc6 57. Bg5 Ke6 58. f4 Kf5 59. Kc5 Ke6 60. Kb6 d4 61. Kc7 d3 62. f5+ Kxf5 63. d7 Bxd7 64. Kxd7 Kxe5 65. Kc7 1-0

[Event "Vadsosjakken-A"]
[Site "Vadso"]
[Date "2009.08.29"]
[Round "3"]
[White "Leukkunen, Raimo"]
[Black "Svendsen, Frank"]
[Result "1/2-1/2"]
[WhiteElo "1900"]
[BlackElo "1897"]
[PlyCount "56"]
[EventDate "2009.08.28"]
[EventType "swiss"]
[EventRounds "5"]
[EventCountry "NOR"]
[SourceTitle "EXT 2012"]
[Source "ChessBase"]
[SourceDate "2011.11.24"]
[SourceVersion "1"]
[SourceVersionDate "2011.11.24"]
[SourceQuality "1"]

1. e4 d5 2. exd5 Qxd5 3. d4 e5 4. Be3 exd4 5. Qxd4 Nf6 6. Nc3 Qa5 7. 0-0-0 Be7 8. Bb5+ c6 9. Bd3 Be6 10. Kb1 Nbd7 11. Qa4 Qxa4 12. Nxa4 Nd5 13. Bd4 0-0 14. Ne2 c5 15. Be3 Nxe3 16. fxe3 Nf6 17. Nf4 Bg4 18. Rde1 Rfe8 19. h3 Bd7 20. Nc3 Bc6 21. e4 Bd6 22. Nfd5 Be5 23. Nxf6+ Bxf6 24. Nd5 Be5 25. g4 Rad8 26. c4 a6 27. b3 a5 28. a4 Rd6 1/2-1/2

[Event "FIN-ch Seniors"]
[Site "Mantta"]
[Date "2008.06.??"]
[Round "?"]
[White "Leukkunen, Raimo"]
[Black "Kivipelto, Kaj Erik"]
[Result "1/2-1/2"]
[WhiteElo "1937"]
[BlackElo "2162"]
[PlyCount "107"]
[EventDate "2008.06.??"]
[EventType "swiss"]
[EventRounds "9"]
[EventCountry "FIN"]
[SourceTitle "EXT 2009"]
[Source "ChessBase"]
[SourceDate "2008.11.26"]
[SourceVersion "1"]
[SourceVersionDate "2008.11.26"]
[SourceQuality "1"]

1. f4 Nf6 2. Nf3 g6 3. Nc3 d5 4. e3 Bg7 5. d4 0-0 6. Be2 c5 7. 0-0 cxd4 8. exd4 Nc6 9. Na4 Ne4 10. c3 a6 11. Be3 b5 12. Nc5 Nxc5 13. dxc5 b4 14. Nd4 Qc7 15. cxb4 Nxb4 16. a3 Nc6 17. Nxc6 Qxc6 18. Bd4 f6 19. Bf3 e6 20. b4 a5 21. Qb3 Rb8 22. Rfe1 Kh8 23. Rab1 axb4 24. axb4 Qc7 25. Be3 Bd7 26. Be2 Bb5 27. Bxb5 Rxb5 28. Bd2 Qc6 29. Qh3 e5 30. f5 g5 31. Qg4 Qe8 32. Rb3 Rf7 33. h4 h6 34. Rh3 Kg8 35. Rf1 Rf8 36. hxg5 fxg5 37. f6 Bxf6 38. Rxh6 Bg7 39. Qxg5 Rxf1+ 40. Kxf1 Qf7+ 41. Kg1 Rb8 42. Qg6 Qxg6 43. Rxg6 Kf7 44. Rd6 d4 45. Kf2 Bf8 46. Ra6 e4 47. Ke2 Be7 48. c6 Rg8 49. c7 Rxg2+ 50. Kf1 Rg8 51. Rc6 e3 52. Bxe3 Bxb4 53. c8Q Rxc8 54. Rxc8 1/2-1/2

[Event "Budapest FS07 FM-C"]
[Site "Budapest"]
[Date "2007.07.13"]
[Round "7"]
[White "Leukkunen, Raimo"]
[Black "MacDonald Ross, Stephen"]
[Result "0-1"]
[WhiteElo "1966"]
[BlackElo "2049"]
[PlyCount "78"]
[EventDate "2007.07.07"]
[EventType "tourn"]
[EventRounds "10"]
[EventCountry "HUN"]
[SourceTitle "EXT 2008"]
[Source "ChessBase"]
[SourceDate "2007.11.25"]
[SourceVersion "1"]
[SourceVersionDate "2007.11.25"]
[SourceQuality "1"]

1. e4 c5 2. Nf3 Nc6 3. d4 cxd4 4. Nxd4 Nf6 5. Nc3 d6 6. Be2 e5 7. Nb3 Be7 8. a4 Be6 9. 0-0 0-0 10. Bf3 h6 11. Nd5 Bxd5 12. exd5 Na5 13. Nxa5 Qxa5 14. c4 Rac8 15. b3 Qc7 16. Qd3 a5 17. h3 Rce8 18. Bd1 Nd7 19. Qg3 Kh7 20. f4 e4 21. Be3 Qd8 22. Qf2 b6 23. g4 Nc5 24. Qg2 g6 25. g5 Rg8 26. h4 f5 27. Bd4 Bf8 28. Qh3 h5 29. Ra2 Bg7 30. Be3 Qd7 31. Rg2 Bh8 32. Kh2 Qg7 33. Rfg1 Qc3 34. Rg3 Bd4 35. Bxh5 gxh5 36. Qxf5+ Kg7 37. Rd1 Bxe3 38. Rxe3 Qc2+ 39. Kg3 Rgf8 0-1

[Event "Budapest FS07 FM-C"]
[Site "Budapest"]
[Date "2007.07.10"]
[Round "4"]
[White "Zilahi, Gabor"]
[Black "Leukkunen, Raimo"]
[Result "1-0"]
[WhiteElo "2031"]
[BlackElo "1966"]
[PlyCount "159"]
[EventDate "2007.07.07"]
[EventType "tourn"]
[EventRounds "10"]
[EventCountry "HUN"]
[SourceTitle "EXT 2008"]
[Source "ChessBase"]
[SourceDate "2007.11.25"]
[SourceVersion "1"]
[SourceVersionDate "2007.11.25"]
[SourceQuality "1"]

1. d4 f5 2. Bg5 h6 3. Bh4 d5 4. e3 g6 5. Nf3 Bg7 6. c4 c6 7. Nc3 Be6 8. Qb3 b6 9. cxd5 cxd5 10. Bg3 Nf6 11. Bb5+ Kf8 12. Ne5 Bf7 13. Rc1 e6 14. 0-0 Nh5 15. Qa3+ Kg8 16. Nxf7 Kxf7 17. Ne2 Nxg3 18. hxg3 Bf8 19. Qa4 Bd6 20. Rc2 a6 21. Rfc1 Ra7 22. Nf4 Qe7 23. Be2 Rd8 24. a3 Rdd7 25. Qb3 b5 26. Nd3 Rdc7 27. a4 Rxc2 28. Rxc2 b4 29. Rc8 Qd7 30. Qc2 Rc7 31. Rxc7 Qxc7 32. Qxc7+ Bxc7 33. Nxb4 a5 34. Na2 e5 35. Nc3 Ke6 36. Nb5 Bb6 37. dxe5 Kxe5 38. Bd3 Nc6 39. g4 f4 40. exf4+ Kxf4 41. Bxg6 d4 42. Bf5 Ne5 43. Kf1 Nc4 44. Ke2 Nxb2 45. g3+ Ke5 46. f4+ Kd5 47. Bc2 Kc4 48. Kd2 d3 49. Bd1 Bf2 50. Nd6+ Kd4 51. Nf5+ Ke4 52. Bb3 h5 53. Nd6+ Kf3 54. gxh5 Bxg3 55. Kc3 Bxf4 56. Nf7 Bc1 57. h6 d2 58. h7 d1Q 59. Bxd1+ Nxd1+ 60. Kc2 Bb2 61. Kxd1 Ke3 62. Kc2 Bf6 63. Kb3 Kd3 64. h8Q Bxh8 65. Nxh8 Kd4 66. Nf7 Kd5 67. Nd8 Kc5 68. Nb7+ Kb6 69. Nd6 Ka6 70. Kc4 Kb6 71. Ne4 Kc6 72. Nc5 Kb6 73. Nb3 Ka6 74. Kc5 Ka7 75. Kb5 Kb7 76. Nxa5+ Kb8 77. Kb6 Ka8 78. Nb3 Kb8 79. Nd4 Ka8 80. Nb5 1-0

[Event "Budapest FS07 FM-C"]
[Site "Budapest"]
[Date "2007.07.09"]
[Round "3"]
[White "Leukkunen, Raimo"]
[Black "Dobos, Otto"]
[Result "1/2-1/2"]
[WhiteElo "1966"]
[BlackElo "1853"]
[PlyCount "50"]
[EventDate "2007.07.07"]
[EventType "tourn"]
[EventRounds "10"]
[EventCountry "HUN"]
[SourceTitle "EXT 2008"]
[Source "ChessBase"]
[SourceDate "2007.11.25"]
[SourceVersion "1"]
[SourceVersionDate "2007.11.25"]
[SourceQuality "1"]

1. e4 e5 2. Nf3 d6 3. d4 exd4 4. Nxd4 Nf6 5. Nc3 h6 6. Bc4 a6 7. 0-0 Be7 8. a4 0-0 9. Nf5 Bxf5 10. exf5 c6 11. g4 d5 12. Bd3 Nh7 13. f4 Nd7 14. Qf3 Bf6 15. Kh1 Nb6 16. Ne2 c5 17. c3 Rb8 18. Ng3 c4 19. Bc2 d4 20. cxd4 Qxd4 21. Rd1 Qc5 22. Nh5 Rfd8 23. Be3 Bd4 24. Bxd4 Rxd4 25. Rxd4 Qxd4 1/2-1/2

[Event "Vadsosjakken-A"]
[Site "Vadso"]
[Date "2005.08.27"]
[Round "3"]
[White "Vik Hansen, Rune"]
[Black "Leukkunen, Raimo"]
[Result "0-1"]
[WhiteElo "1691"]
[BlackElo "1715"]
[PlyCount "50"]
[EventDate "2005.08.26"]
[EventType "swiss"]
[EventRounds "5"]
[EventCountry "NOR"]
[SourceTitle "EXT 2007"]
[Source "ChessBase"]
[SourceDate "2006.11.23"]
[SourceVersion "1"]
[SourceVersionDate "2006.11.23"]
[SourceQuality "1"]

1. e4 e5 2. Nf3 Nc6 3. d3 d6 4. Nbd2 Be7 5. g3 f5 6. Bg2 Nf6 7. 0-0 0-0 8. c3 h6 9. b4 Qe8 10. Nh4 f4 11. b5 Na5 12. Qa4 b6 13. Nc4 Nb7 14. d4 Qh5 15. Nf5 Bxf5 16. exf5 f3 17. Bxf3 Qxf3 18. dxe5 Nc5 19. Qa3 Nfe4 20. f6 gxf6 21. Bxh6 Rf7 22. exd6 cxd6 23. Ne3 Nd3 24. Qb3 Ndxf2 25. Qe6 Qh1# 0-1